LEADER 00665nam 2200169z- 450 001 9910693854103321 035 $a(CKB)4970000000037270 035 $a(EXLCZ)994970000000037270 100 $a20240129c2001uuuu -u- - 101 0 $aeng 200 10$aIntercity passenger rail : the Congress faces critical decisions about the role of and funding for intercity passenger rail systems 210 $aWashington, D.C 517 $aIntercity Passenger Rail 906 $aDOCUMENT 912 $a9910693854103321 996 $aIntercity passenger rail : the Congress faces critical decisions about the role of and funding for intercity passenger rail systems$93876854 997 $aUNINA